| 000 | 00936nam a2200265 a 4500 | ||
|---|---|---|---|
| 001 | 000014747 | ||
| 005 | 20240412074241.0 | ||
| 008 | 100120t2008 dr 000 j spa d | ||
| 020 | _a9789972337864 | ||
| 040 |
_aDO-SdBNP _bspa _cBNPHU |
||
| 082 |
_aRD863.44 _bA485u, 2008 |
||
| 100 | 1 |
_aAmarante, Héctor, _d1944- _933432 |
|
| 245 | 1 | 4 |
_aUno más y me apeo : _bcuentos del tren que Nueva York no sabe / _cHéctor Amarante ; presentación Carlos Zúñiga Segura. |
| 250 | _a2a. ed. | ||
| 260 |
_aLima, : _bTetis Graf, _c2008. |
||
| 300 |
_a69 p. ; _c21cm. |
||
| 490 | 1 |
_aLa manzana mordida _v72 |
|
| 500 | _aIncluye referencias bibliográficas y notas al pie de las páginas | ||
| 590 | _aInventariado, 2019/VM | ||
| 650 | 0 |
_aCuentos dominicanos _9176 |
|
| 650 | 0 |
_aLiteratura dominicana. _967 |
|
| 700 | 1 |
_aZúñiga Segura, Carlos _933433 |
|
| 830 | 0 |
_aLa manzana mordida _v72 _933434 |
|
| 910 | _aValidado. Control de calidad EMS | ||
| 999 |
_c14330 _d14330 |
||